East Midlands (Record no. 77879)

MARC details
000 -LEADER
fixed length control field 00852cab a2200193 4500
001 - CONTROL NUMBER
control field ##L135372
008 - FIXED-LENGTH DATA ELEMENTS--GENERAL INFORMATION
fixed length control field 061020n2006 000 0 eng u
035 ## - SYSTEM CONTROL NUMBER
System control number (Sirsi) u135375
041 ## - LANGUAGE CODE
Language code of text/sound track or separate title eng
100 1# - MAIN ENTRY--PERSONAL NAME
Personal name Watson, Stuart
245 00 - TITLE STATEMENT
Title East Midlands
260 3# - PUBLICATION, DISTRIBUTION, ETC.
Date of publication, distribution, etc. 2006
490 #0 - SERIES STATEMENT
Series statement Property Week
Volume/sequential designation 71(41) 13 October 2006, 87-109(8)
520 ## - SUMMARY, ETC.
Summary, etc. Focuses mainly on the retail and industrial markets in the East Midlands. Looks at: Hammerson's Highcross Quarter which is aiming to attract high fashion retailers; ProLogis which has been given the go-ahead to add more warehousing to Northampton's logistic landscape and a £53m Peel Holdings scheme that should make Nottingham's station area more welcoming.
590 ## - LOCAL NOTE (RLIN)
Local note IKA311006
651 #4 - SUBJECT ADDED ENTRY--GEOGRAPHIC NAME
Geographic name UNITED KINGDON
690 ## - LOCAL SUBJECT ADDED ENTRY--TOPICAL TERM (OCLC, RLIN)
Topical term or geographic name as entry element PROPERTY-COMMERCIAL PROPERTY-COMMERCIAL PROPERTY MARKET
942 ## - ADDED ENTRY ELEMENTS (KOHA)
Suppress in OPAC 0
Holdings
Withdrawn status Lost status Source of classification or shelving scheme Damaged status Not for loan Home library Current library Shelving location Date acquired Total Checkouts Full call number Barcode Date last seen Copy number Price effective from Koha item type
    Dewey Decimal Classification     London London Journal article 20/10/2006   L135375 135375-1001 06/08/2019 1 06/08/2019 Journal article